000 01154nam a22002897a 4500
003 DO-SdBNP
005 20171110100433.0
008 160921b 2012 sp||||| |||| 00| 0 spa d
020 _a9788495818850
040 _aBMPSU
_bspa
_cBPMSU
082 4 _a616
_bC574f
245 0 0 _aCinco formas de curar enfermedades y malestares cotidiano /
_cTextos de Víctor Sierpina ... [et. al.]
246 0 4 _aTratamientos fáciles y efectivos para los problemas de salud más comunes
260 _aMadrid :
_bEdiciones Daly ,
_c2012
300 _a3 v. :
_bil.
505 0 _t Introducción--
_tGlosario y puntos de energía --
_tPiel, cabello y uñas --
_tOjos, oídos, nariz, boca y garganta --
_tSistema digestivo y excretor --
_tSistema respiratorio y circulatorio --
_tDolores y molestias --
_tMente y espíritu --
_tPrimeros auxilios --
650 4 _aMEDICINA
650 4 _aMEDICINA ALTERNATIVA
650 4 _aHOMEOPATÍA
650 4 _aPLANTAS AROMÁTICAS
650 4 _aPLANTAS MEDICINALES
700 1 2 _aSierpina, Víctor
910 _aValidado. Control de calidad MFF
942 _2ddc
_cBK
945 _aInventariado, 2017/MFF
956 _adgarcia
999 _c11477
_d11477